000 01373cam a2200313 a 4500
001 000014673
005 20200929163901.0
008 830726s1981 sp a b s100 0 spa
010 _a83107327
020 _a8400048024
040 _aDO-SdBNP
_cDLC
_dDLC
043 _ae-sp---
082 _a301.2
_bC749p
111 2 _aCongreso de Aragon de Etnología y Antropología
_n(1er. :
_d1979 :
_cTarazona de Aragon, Spain, etc.)
_933238
245 1 0 _aI Congreso de Aragon de Etnologia y Antropologia :
_bTarazona, Borja, Veruela y Trasmoz, 6, 7 y 8 de septiembre de 1979.
260 _aZaragoza :
_bInstitución "Fernando el Catolico" (C.S.I.C.) de la Excma. Diputación Provincial,
_c[1981?].
300 _a272 p. :
_bill. ;
_c25 cm.
490 1 _aPublicación no. 812 de la Institución "Fernando el Católico"
504 _aIncludes bibliographies.
650 4 _aEtnología
_zEspaña
_zAragón
_xCongresos
_933239
650 4 _aAntropología
_zEspaña
_xCongresos.
_933240
650 4 _aFolklore
_zEspaña
_xCongresos
_933241
651 4 _aEspaña
_xVida Social Y Costumbres
_xCongresos
_933242
710 2 _aInstitución "Fernando el Católico."
_919282
740 0 _aPrimer Congreso de Aragón de Etnología y Antropología.
830 0 _aPublicación ... de la Institución "Fernando el Católico" ;
_vno. 812.
_914723
910 _aCatalogación derivada
049 _aBNGR
999 _c14257
_d14257